Statistics for Breaking Bad Quiz

Click here to take the quiz!

General Stats

  • This quiz has been taken 68 times
  • The average score is 11 of 15

Answer Stats

Hint Answer % Correct
The colour of Walter's signature hatBlack
100%
The colour of the first car we see Jesse inRed
98%
The drug that Walter manifacturesMeth
95%
And finally, is Breaking Bad epic?Yes
95%
Name of the actor that portrays Walter WhiteBryan Cranston
90%
The name of Gustavo's restaurant chainLos Pollos Hermanos
90%
How does Jesse's first love interest, Jane, die?Overdose
90%
What is Skyler's ex-boss' first name?Ted
83%
What does Walter's son prefer to be called?Flynn
81%
What is the iconic vehicle that Jesse and Walt first cook in?RV
79%
Who created the masterpiece that is Breaking Bad?Vince Gilligan
67%
The literall translation of Gus's restaurant's nameThe Chicken Brothers
62%
The state in which Walter runs toNew Hampshire
62%
The man who helps Walter escape at the end of the show owns a shop. What does this shop supposedly sell?Vacuums
47%
The family's orginal house address (in full, right up to the state)308 Negra Arroyo Lane, Alberqueque, New Mexico
0%

Score Distribution

Percentile by Number Answered

Percent of People with Each Score

Your Score History

You have not taken this quiz